000 00512nam a2200157Ia 4500
008 151213s9999 xx 000 0 und d
100 _aঝযববহড়ু
245 _aউড়হি ড়ভ খড়াব
_cঝযববহড়ু
250 _a১ংঃ
260 _aট. ক.
_bঘধযরফ ওংষধস ্ ঝযড়যরনঁষ ওংষধস
_c1993
300 _a4450 p.
650 _aBangla
650 _aকবিতা
700 _aঝযববহড়ু
999 _c2825
_d2825